Stacje węzłowe PKP w wielkopolskim - Statystyki

Ogólne statystyki
  • Ten quiz został rozwiązany 45 razy
  • Średni wynik to 10 z 29
Statystyki odpowiedzi
Stacja % Poprawnych
Poznań Główny
100%
Leszno
91%
Ostrów Wielkopolski
76%
Piła Główna
68%
Gniezno
65%
Krzyż
59%
Jarocin
47%
Września
47%
Wolsztyn
44%
Zbąszyń
41%
Poznań Franowo
35%
Poznań Wschód
35%
Krotoszyn
32%
Poznań Starołęka
32%
Rawicz
32%
Swarzędz
29%
Kępno
26%
Poznań Górczyn
26%
Luboń koło Poznania
24%
Kiekrz
18%
Poznań Piątkowo
18%
Rogoźno Wielkopolskie
18%
Gniezno Winiary
15%
Kąkolewo
12%
Kobylnica
12%
Podstolice
9%
Sława Wielkopolska
9%
Barłogi
6%
Hanulin
0%
Nie znaleziono quizów pasujących do podanych kryteriów
Rozkład punktacji
Procent ludzi z każdym wynikiem
Percentyl według liczby udzielonych odpowiedzi
Twoja historia wyników
Nie rozwiązałeś tego quizu